000 00417nam a2200157Ia 4500
008 230718s9999 xx 000 0 und d
041 _aeng
082 _a621.38
_bZIE
100 _aZiemer R.E.
245 _aPrinciples Of Communications
250 _a3rd ed.
260 _bJaico Publishing House
365 _cRs.
_b495.00
700 _aZiemer R.E. & Tranter W.H.
_9185900
906 _dB:633615-Oct-2008
_cETC
_b99
999 _c319529
_d319529